ビッカメ娘一覧 - Statistics

General Stats
  • This quiz has been taken 43 times
  • The average score is 24 of 44
Answer Stats
Hint Answer % Correct
北海道 さっぽろたん
81%
関東 水戸たん
71%
関東 柏たん
71%
中部 なごやたん
71%
卒業 町田たん
71%
関東 八王子たん
68%
関東 大宮たん
65%
関東 さがみたん
65%
中国 広島たん
65%
関東 せいせきたん
61%
関東 川崎たん
61%
近畿 なんばたん
61%
中国 岡山たん
61%
九州 鹿児島たん
61%
九州 天神1号たん
61%
九州 天神2号たん
61%
関東 有楽町たん
58%
関東 本店たん
58%
関東 立川たん
58%
近畿 京都たん
58%
卒業 ふなとーたん
58%
関東 船橋たん
55%
関東 アキバたん
55%
関東 しんじゅくたん
55%
関東 所沢たん
52%
関東 しぶとーたん
52%
関東 藤沢たん
52%
関東 新横たん
52%
中部 にいがたたん
52%
中部 なごやげーとたん
52%
近畿 八尾たん
52%
関東 パソ館たん
48%
関東 新宿西口たん
48%
関東 たまプラたん
48%
中部 浜松たん
48%
関東 池西たん
45%
関東 調布たん
45%
近畿 あべのたん
45%
卒業 カメ館たん
45%
関東 しぶハチたん
42%
関東 赤坂たん
42%
関東 新東たん
39%
卒業 フォトたん
39%
関東 プロスタたん
29%
No matching quizzes found
Score Distribution
Percent of People with Each Score
Percentile by Number Answered
Your Score History
You have not taken this quiz